Tolley's tax essentials: stamp duties 2001-02 (Record no. 101277)

MARC details
000 -LEADER
fixed length control field 00593cam a2200217 4500
008 - FIXED-LENGTH DATA ELEMENTS--GENERAL INFORMATION
fixed length control field 000000n2001 000 0 eng u
020 ## - INTERNATIONAL STANDARD BOOK NUMBER
International Standard Book Number 0754512959
035 ## - SYSTEM CONTROL NUMBER
System control number (Sirsi) u111683
041 ## - LANGUAGE CODE
Language code of text/sound track or separate title eng.
050 ## - LIBRARY OF CONGRESS CALL NUMBER
Classification number 336.22 CAN
100 ## - MAIN ENTRY--PERSONAL NAME
Personal name Cannon, P.
245 ## - TITLE STATEMENT
Title Tolley's tax essentials: stamp duties 2001-02
260 ## - PUBLICATION, DISTRIBUTION, ETC.
Place of publication, distribution, etc. Croydon
Name of publisher, distributor, etc. Tolley
Date of publication, distribution, etc. 2001
300 ## - PHYSICAL DESCRIPTION
Extent iii, 100p.
Dimensions 24cm.
350 ## - PRICE (NR) (BK AM CF MU VM SE) [OBSOLETE]
Price 35.00
490 ## - SERIES STATEMENT
Series statement Tolley's Tax Essentials
Volume/sequential designation 245
520 ## - SUMMARY, ETC.
Summary, etc. Provides practical guidance on the key areas of Stamp Duties.
650 ## - SUBJECT ADDED ENTRY--TOPICAL TERM
Topical term or geographic name entry element STAMP DUTY
690 ## - LOCAL SUBJECT ADDED ENTRY--TOPICAL TERM (OCLC, RLIN)
Topical term or geographic name as entry element TAXATION
942 ## - ADDED ENTRY ELEMENTS (KOHA)
Suppress in OPAC 0
Holdings
Withdrawn status Lost status Source of classification or shelving scheme Damaged status Not for loan Home library Current library Shelving location Date acquired Cost, normal purchase price Total Checkouts Full call number Barcode Date last seen Copy number Cost, replacement price Price effective from Koha item type
    Dewey Decimal Classification     London London Books 27/02/2002 35.00   336.22 CAN 30065385 06/08/2019 1 35.00 06/08/2019 Book